000 00795nam a2200253Ia 4500
003 OSt
005 20220927110420.0
006 a|||||r|||| 00| 0
007 ta
008 220926b |||||||| |||| 00| 0 eng d
024 _a90217
037 _cReports
040 _aRTL
_cRTL
_beng
041 _2eng
_aeng
082 _a"X9(J).438.N25t, F5/GD"
110 _aGovt of Burma. Agriculture (Committee on--) (1925) (Chairman : J Mackenna
_9378118
245 0 _aReport
260 _aBurma
_bGovt Printidng
_c1925
300 _a"ii, 38p."
_ccm.
650 _aAgricultural Industry
700 _aGovt of Burma. Agriculture (Committee on--) (1925) (Chairman : J Mackenna
_9378119
942 _h"X9(J).438.N25t, F5/GD"
_cCC
999 _c696622
_d696622